| 000 | 01380nam0a2200361 4500 | ||
|---|---|---|---|
| 001 | RU\NLR\BIBL_A\010201686 | ||
| 005 | 20260419063713.0 | ||
| 010 |
_a978-5-17-080389-7 _93000 |
||
| 021 |
_aRU _b2014-2270 _9139 |
||
| 021 |
_aRU _b2013-71906 _966д/14 |
||
| 035 | _a(NILC)RuMoRGB-006727063 | ||
| 035 | _a(NLR Aleph) 010201686 | ||
| 090 |
_a10246902 _c10246902 |
||
| 100 | _a20140307d2013 |||y0rusy50 ca | ||
| 101 | 0 |
_arus _aeng |
|
| 102 | _aRU | ||
| 105 | _ay j 000yy | ||
| 200 | 1 |
_aАнглийский язык за один месяц _eсамоучитель разговорного языка _eначальный уровень _fС. А. Матвеев |
|
| 210 |
_aМосква _cАСТ _d2013 |
||
| 215 |
_a185, [1] с. _d21 |
||
| 225 | 1 | _aЯзык за один месяц | |
| 606 | 1 |
_aАнглийский язык _jУчебные издания для самообразования _9972309 _3RU\NLR\AUTH\6646032 |
|
| 675 | _a811.111(075.4) | ||
| 686 | 1 | _aШ143.21-93рус8 | |
| 700 | 1 |
_7ca _8rus _aМатвеев _bС. А. _cлингвист, философ _gСергей Александрович _915334 _3RU\NLR\AUTH\7732325 |
|
| 801 | 0 |
_aRU _bRuMoRKP _c20130909 _gRCR |
|
| 801 | 2 |
_aRU _bРГБ _c20140205 _grcr |
|
| 801 | 1 |
_aRU _bRuMoRKP _c20130909 _2rusmarc |
|
| 942 | _cBOOK | ||
| 980 | _aNBR | ||
| 980 | _aNB | ||